000 00696nam a22002417a 4500
008 131110b xxu||||| |||| 00| 0 eng d
020 _a81-261-0396-5
024 _cAvaialable
037 _cAvaialable
040 _aMBSTU LIBRARY
_dMBSTU LIBRARY
082 _222
_a150 CHR
100 _aChaturvedi, D.D.
245 _aResearch in psychology.
260 _aNew Delhi
_bAnmol Publications.
_c1999
300 _a22 cm.
_b375 page
_f1
_g22 cm.
600 _2Psychology.
650 _2Psychology.
700 _aChaturvedi, D.D.
270 _aNew Delhi
_bNew Delhi
_dUSA
365 _b240.00
_d240.00
942 _2ddc
_cBK
999 _c806
_d806